Statistics for Asia Map Click Quiz in Chinese

Click here to take the quiz!

General Stats

  • This quiz has been taken 14 times
  • The average score is 32 of 48

Answers on the Map

Answers color-coded by a green-red scale on the quiz's map according to % correct below.
 

Answer Stats

Answer% Correct
Āsèbàijiāng
100%
Bājīsītǎn
100%
Kēwēitè
100%
Lǎowō
100%
Líbānèn
100%
Mǎláixīyà
100%
Sīlǐlánkǎ
100%
Tǎjíkè sītǎn
100%
Tǔkùmàn sītǎn
100%
Wūzībiékè sītǎn
100%
Yěmén
100%
Āmàn
88%
Bù dān
88%
Hāsàkè sītǎn
88%
Kǎtǎ'ěr
88%
Táiwān
88%
Yìndùníxīyà
88%
Zhōngguó
88%
Tàiguó
75%
Yìndù
75%
Ālābó liánhé qiúzhǎngguó
63%
Fēilǜbīn
63%
Hánguó
63%
Jí'ěrjísī sītǎn
63%
Ménggǔ
63%
Miǎndiàn
63%
Níbó'ěr
63%
Sāipǔlùsī
63%
Shātè ālābó
63%
Xùlìyǎ
63%
Yàměiníyǎ
63%
Yīlākè
63%
Yīlǎng
63%
Yǐsèliè
63%
Āfùhàn
50%
Bālín
50%
Xīnjiāpō
50%
Yuēdàn
50%
Běi cháoxiǎn
38%
Mǎ'ěrdàifū
38%
Rìběn
38%
Mèngjiālā guó
25%
Qiáozhìyà zhōu
25%
Wén lái
25%
Yuènán
25%
Dōngdìwèn
13%
Huǒ jī
13%
Jiǎnpǔzhài
13%

Score Distribution

Percentile by Number Answered

Percent of People with Each Score

Your Score History

You have not taken this quiz